[Event "Genova Bombrini op"]
[Site "Genova"]
[Date "2014.10.04"]
[Round "3"]
[White "Bottaro, Mario"]
[Black "Dordoni, Riccardo"]
[Result "1-0"]
[WhiteElo "1558"]
[BlackElo "1583"]
[PlyCount "141"]
[EventDate "2014.10.03"]
[EventType "swiss"]
[EventRounds "5"]
[EventCountry "ITA"]
[SourceTitle "EXT 2016"]
[Source "ChessBase"]
[SourceDate "2015.10.08"]
[SourceVersion "1"]
[SourceVersionDate "2015.10.08"]
[SourceQuality "1"]

1. e4 e5 2. Nf3 Nc6 3. d4 exd4 4. Bc4 Bb4+ 5. c3 dxc3 6. bxc3 Qf6 7. Bb2 Nh6 8. Qe2 Ba5 9. 0-0 0-0 10. Bd3 d6 11. c4 Ne5 12. Nxe5 dxe5 13. Nd2 Bg4 14. f3 Be6 15. Nb3 Bb4 16. a3 Bd6 17. h3 Qg5 18. Bc1 Qh4 19. Qf2 Qxf2+ 20. Rxf2 a5 21. Rc2 a4 22. Nd2 b6 23. Nb1 Rfd8 24. Kf1 f5 25. Bxh6 gxh6 26. exf5 Bc5 27. Ke2 Bf7 28. Nc3 h5 29. Ne4 Bd4 30. Rd1 b5 31. Rb1 bxc4 32. Bxc4 Bxc4+ 33. Rxc4 Ra7 34. Nc5 Rf8 35. Ne6 Rxf5 36. Nxd4 exd4 37. Rxd4 c5 38. Rc4 Rg5 39. Kf2 Rag7 40. Rb8+ Kf7 41. Rb7+ Kg6 42. Rxg7+ Kxg7 43. Rxa4 Kf6 44. Re4 Rd5 45. a4 Rd6 46. Rc4 Rc6 47. a5 Ke5 48. a6 Kd5 49. Ra4 Rc8 50. Ke3 c4 51. Ra5+ Kc6 52. Kd4 Kb6 53. Ra3 Ka7 54. Rc3 Kxa6 55. Rxc4 Rd8+ 56. Ke3 Kb5 57. Rh4 Rd5 58. f4 Kc6 59. Ke4 Kd6 60. g4 hxg4 61. hxg4 Rd2 62. Rxh7 Ke6 63. Rh6+ Kf7 64. Kf5 Kg7 65. Ra6 Rf2 66. Ra7+ Kg8 67. Kg5 Rf1 68. f5 Rg1 69. Kg6 Kf8 70. Kf6 Ke8 71. g5 1-0